| 000 | 00960nac a22002891u 4500 | ||
|---|---|---|---|
| 003 | EG-ScBUE | ||
| 005 | 20221213100339.0 | ||
| 008 | 221213t2006 gw a f 000 0 eng d | ||
| 020 | _a3822851434 | ||
| 020 | _a9783822851432 | ||
| 040 |
_aEG-ScBUE _beng _erda _cEG-ScBUE _dEG-ScBUE |
||
| 082 | 0 | 4 |
_a728.3 _bSTA _222 |
| 100 | 1 |
_aStadthäuser, Kleine, _eauthor. |
|
| 245 | 1 | 0 |
_aSmall city houses = _bPetites maisons de ville / _cKleine Stadthäuser. |
| 246 | 3 | 1 | _aPetites maisons de ville |
| 264 | 1 |
_aKoln : _bEvergreen, _c[2006] |
|
| 264 | 4 | _cc2006 | |
| 300 |
_a188 pages : _billustrations (chiefly color) ; _c20 cm |
||
| 650 | 7 |
_aSmall houses. _2BUEsh |
|
| 650 | 7 |
_aArchitecture, Domestic. _2BUEsh |
|
| 650 | 7 |
_aSmall houses _vDesigns and plans. _2BUEsh |
|
| 650 | 7 |
_aArchitect-designed houses _vDesigns and plans. _2BUEsh |
|
| 650 | 7 |
_aArchitecture, Modern _y21st century. _2BUEsh |
|
| 653 | _bENGARC | ||
| 655 | _vReading book | ||
| 942 |
_cBB _2ddc |
||
| 999 |
_c9264 _d9264 |
||